00895nam a2200265 i 4500001001000000003000900010005001700019007000300036008004100039040003000080041000800110082002400118100004400142245004500186264008500231300004400316336002700360337003300387338002800420490002200448500005700470650002400527650002700551710005100578000011223DO-SdBNP20250717074015.0ta091015s1985 dr a r 000 p spa d aDO-SdBNPbspacBNPHUerda hspa 4aRD861.44bR696L2221 aRodríguez, Sally,d1957-eautor4aut.10aLuz de los cuerpos /cSally Rodríguez. 4aSanto Domingo :bBiblioteca Nacional Pedro Henríquez Ureña (BNPHU), c©1985 a83 páginas :bilustraciones ,c22 cm. atextobtxt2rdacontent asin mediaciónbn2rdamedia avolumenbnc2rdacarrier0 aColección Orfeo aIncluye datos biográficos de la autora página 84 4aPoesía dominicana 4aLiteratura dominicana.2 aBiblioteca Nacional Pedro Henríquez Ureña